Entry Nombre personal
001 - NÚMERO DE CONTROL
- campo de control: 89478
003 - IDENTIFICADOR DE NÚMERO DE CONTROL
- campo de control: SpMaBN
005 - FECHA Y HORA DE LA ÚLTIMA TRANSACCIÓN
- campo de control: 20231220194133.0
008 - ELEMENTOS DE DATO DE LONGITUD-FIJA
- campo de control de longitud fija: 930108nn aijnnaabn a aaa
016 ## - NÚMERO DE CONTROL DE UNA AGENCIA BIBLIOGRÁFICA NACIONAL
- Número de control del registro: BNE19930789789
024 7# - IDENTIFICADOR DE OTROS ESTÁNDARES
- Número estándar o código: http://viaf.org/viaf/1648094/
- Fuente: viaf
024 7# - IDENTIFICADOR DE OTROS ESTÁNDARES
- Número estándar o código: https://isni.org/isni/0000000115854795
- Fuente: isni
024 7# - IDENTIFICADOR DE OTROS ESTÁNDARES
- Número estándar o código: http://www.wikidata.org/entity/Q11684366
- Fuente: wikidata
040 ## - FUENTE DE CATALOGACIÓN
- Centro catalogador/agencia de origen: SpMaBN
- Lengua de catalogación: spa
- Centro/agencia transcriptor: SpMaBN
- Normas de descripción: rdc
- Convención/Normas de encabezamiento de materia/tesauro: embne
046 ## - FECHAS CON CODIFICACIÓN ESPECIAL
- Fecha de nacimiento: 1946
100 1# - ENCABEZAMIENTO-NOMBRE DE PERSONA
- Nombre de persona: Pastor, Jaime,
- Fechas asociadas al nombre: 1946-
373 ## - GRUPO ASOCIADO
- Grupo asociado: Ateneo de Madrid
- Período de inicio: 1999
- Fuente de información: Censo mensual de socios 2023
374 ## - OCUPACIÓN
- Ocupación: Sociólogos
- Ocupación: Politicos
- Fuente de información: Wikidata
375 ## - GÉNERO/SEXO
- Género: Masculino
- Fuente de información: Wikidata
377 ## - IDIOMA ASOCIADO
- Término de lengua/lenguaje: Español
400 1# - TRAZADO DE VÉASE--NOMBRE DE PERSONA
- Nombre de persona: Pastor Verdú, Jaime,
- Fechas asociadas al nombre: 1946-
670 ## - FUENTE DE DATOS ENCONTRADOS
- Cita de la fuente: Mi vida, de León Trotsky, 1978
- Información encontrada: (epílogo por Jaime Pastor Verdú)
670 ## - FUENTE DE DATOS ENCONTRADOS
- Cita de la fuente: La evolución del marxismo ante la guerra y la paz, 1989
- Información encontrada: port. (Jaime Pastor Verdú)
670 ## - FUENTE DE DATOS ENCONTRADOS
- Cita de la fuente: El año 1968, 1994
- Información encontrada: port. (Jaime Pastor) p. 5 (sociólogo)
670 ## - FUENTE DE DATOS ENCONTRADOS
- Cita de la fuente: Qué son los movimientos antiglobalización, 2002
- Información encontrada: p. 4 de la cub. (n. 1946, en Valencia)
675 ## - FUENTE DE DATOS NO ENCONTRADOS
- Cita de la fuente: Libros españoles en venta, 1994
678 ## - DATOS BIOGRÁFICOS O HISTÓRICOS
- Datos biográficos o históricos: Socio del Ateneo de Madrid n. 28291; ingresó el 26/2/1999
- Ampliación de la nota: Fuente: Censo mensual de socios 2023
